=LDR 00000nam 2200000 4500 =001 INLIS000000000003935 =005 20130612092230 =008 ***********************************Ind** =035 ##$$0010-061300000003935 =041 ##$$a Ind =082 ##$$a 920 =090 ##$$a 920, Hal s =100 ##$$a Halawa, Ohiao =245 ##$$a Sang pemimpin, profil 5 menteri terpopuler Kabinet Pembangunan, Drs.Ohiao Halawa =260 ##$$a 1993 $b Jakarta =300 ##$$a 175 hlm., ilus., 24 cm =650 ##$$a Biografi =850 ##$$a NBPNMAT =990 ##$$a 0001/BPAP-NTB/2016